Giotto: the Arena Chapel frescoes. (Record no. 16318)
[ view plain ]
| 000 -LEADER | |
|---|---|
| fixed length control field | 00482cam a2200157 4500 |
| 040 ## - CATALOGING SOURCE | |
| Transcribing agency | DLC |
| 082 00 - DEWEY DECIMAL CLASSIFICATION NUMBER | |
| Classification number | 759 NOR 1969 A087 Or. |
| 100 1# - MAIN ENTRY--AUTHOR NAME | |
| Personal name | Stubblebine, James H., |
| 245 10 - TITLE STATEMENT | |
| Title | Giotto: the Arena Chapel frescoes. |
| 250 ## - EDITION STATEMENT | |
| Edition statement | [1st ed.] |
| 260 ## - PUBLICATION, DISTRIBUTION, ETC. (IMPRINT) | |
| Place of publication | New York, |
| Name of publisher | Norton |
| Year of publication | [1969] |
| 300 ## - PHYSICAL DESCRIPTION | |
| Number of Pages | xiii, 218 p. |
| Other physical details | 129 illus. |
| Dimensions | 22 cm. |
| 490 0# - SERIES STATEMENT | |
| Series statement | Norton critical studies in art history |
| 500 ## - GENERAL NOTE | |
| General note | Includes an introductory essay, backgrounds and sources, and criticism. |
| 942 ## - ADDED ENTRY ELEMENTS (KOHA) | |
| Koha item type | សៀវភៅភាសាអង់គ្លេស |
| 952 ## - LOCATION AND ITEM INFORMATION (KOHA) | |
| Withdrawn status [LOCAL, KOHA] | 0 |
| Permanent Location | Date acquired | Koha item type | Lost status | Shelving location | Barcode | Current Location | Full call number |
|---|---|---|---|---|---|---|---|
| Library Block A | 2018-02-06 | សៀវភៅភាសាអង់គ្លេស | A111 | A25485 | Library Block A | 759 NOR 1969 A111 Or. |